| 000 | 02088nam a2200421 a 4500 | ||
|---|---|---|---|
| 001 | 00376 | ||
| 003 | DO-SdBNP | ||
| 005 | 20180309110217.0 | ||
| 007 | 00376 | ||
| 008 | 091118s2012 dr 2012 000 0 spa d | ||
| 020 | _a9789945117295 (v. 8) | ||
| 020 | _a9789945116458 (v. 8) Guía | ||
| 040 |
_aBPMSU _bspa _cBPMSU |
||
| 092 |
_a372.83 _bA452s 8vo 2012 |
||
| 100 | 1 | _aAlmonte Ysiano, Ana Iris | |
| 245 | 1 | 0 |
_aSociedad 8 : _beducación básica / _cAna Iris Almonte Ysiano, Eric Castro Ricart, Eladio Antonio Robles Florentino ; dirección editorial Obdulia García de Escobar ; editora Fanny Capellán Almonte |
| 260 |
_aSanto Domingo : _bSantillana, _c2012. |
||
| 300 |
_a2 v. : _bil., mapas., retrs. ; _c28 cm. |
||
| 490 | 1 | _aInnova | |
| 500 | _aLa biblioteca posee el libro y la guía | ||
| 505 |
_tUnidad 1. _tPrincipios del siglo xx -- _tUnidad 2. _tLas pugnas caudillistas -- _tUnidad 3. _tIntervención norteamericana -- _tUnidad 4. _tLa dictadura de Trijullo -- _tUnidad 5. _tOposición y caída de la dictadura -- _tUnidad 6. _tEl Caribe entre 1900 y 1970 -- _tUnidad 7. _tEl país entre 1961 y 1965 -- _tUnidad 8. _tLos gobiernos de Joaquín Balaguer -- _tUnidad 9. _tGobiernos desde 1978 hasta 2008 -- _tUnidad 10. _tLa economía dominicana hoy -- _tUnidad 11. _tLa cultura dominicana -- _tUnidad 12. _tLa organización del espacio. |
||
| 650 | 4 |
_aCIENCIAS SOCIALES _xEDUCACIÓN PRIMARIA |
|
| 650 | 4 |
_aCIENCIAS SOCIALES _xENSEÑANZA BÁSICA |
|
| 650 | 4 |
_aCIENCIAS SOCIALES _xESTUDIOS Y EJERCICIOS |
|
| 650 | 4 |
_aCIENCIAS SOCIALES _xLIBROS DE TEXTOS |
|
| 650 | 4 |
_aEDUCACIÓN PRIMARIA _zREPÚBLICA DOMINICANA |
|
| 700 | 1 | 2 | _aCastro Ricart, Eric |
| 700 | 1 | 2 | _aRobles Florentino, Eladio Antonio |
| 700 | 1 | 2 |
_aGarcía Escobar, Obdulia, _eed. |
| 700 | 1 | 2 |
_aCapellán Almonte, Fanny,, _eed. |
| 830 | 0 | _aInnova | |
| 910 | _aValidado. Control de calidad MFF | ||
| 942 |
_2ddc _cBK |
||
| 945 | _aRemanejado para BNPHU / 2018 BT | ||
| 956 |
_aYLOCKWARD _b10 _c20150617 _lBND01 _h1122 |
||
| 956 |
_aVMATEO _b10 _c20150617 _lBMET02 _h00151 |
||
| 956 |
_aBTAVÁREZ _b10 _c20160513 _l00376 |
||
| 999 |
_c10138 _d10138 |
||